Central Library OPAC University of Rajshahi

The medieval world./ (Record no. 76579)

MARC details
000 -LEADER
fixed length control field 00922nam a22003131 4500
001 - CONTROL NUMBER
control field 76579
003 - CONTROL NUMBER IDENTIFIER
rucl marc code BD-RjUL
005 - DATE AND TIME OF LATEST TRANSACTION
control field 20211209082848.0
008 - FIXED-LENGTH DATA ELEMENTS--GENERAL INFORMATION
fixed length control field 710714s1967 enkabeh b 000 0 eng
035 ## - SYSTEM CONTROL NUMBER
System control number (BD-RjUL)76803
040 ## - CATALOGING SOURCE
Original cataloging agency DLC
Transcribing agency DLC
Modifying agency DLC
Language of cataloging eng
041 ## - LANGUAGE CODE
Language code of text/sound track or separate title eng
082 00 - DEWEY DECIMAL CLASSIFICATION NUMBER
Classification number 709.4
Edition number 23
Author mark and year KIL 1967
100 1# - MAIN ENTRY--PERSONAL NAME
Personal name Kidson, Peter.
9 (RLIN) 236751
245 14 - TITLE STATEMENT
Title The medieval world./
Statement of responsibility, etc. Peter kidson
260 ## - PUBLICATION, DISTRIBUTION, ETC. (IMPRINT)
Place of publication, distribution, etc. London,
Name of publisher, distributor, etc. Hamlyn,
Date of publication, distribution, etc. 1967.
300 ## - PHYSICAL DESCRIPTION
Pagination 176 p. ;
Illustrations illus. (some col.), facsims. (some col.), map, plans.;
Size 29 cm.
350 ## - PRICE (NR) (BK AM CF MU VM SE) [OBSOLETE]
Price 30/-
490 0# - SERIES STATEMENT
Series statement Landmarks of the world's art
500 ## - GENERAL NOTE
General note Col. maps on lining papers.
504 ## - BIBLIOGRAPHY, ETC. NOTE
Bibliography, etc Bibliography: p. [172]
650 #0 - SUBJECT ADDED ENTRY--TOPICAL TERM
Topical term or geographic name as entry element Art, Medieval.
9 (RLIN) 236752
Topical term or geographic name as entry element Architecture, Medieval.
9 (RLIN) 236753
906 ## - LOCAL DATA ELEMENT F, LDF (RLIN)
a 7
b cbc
c orignew
d u
e ncip
f 19
g y-gencatlg
942 ## - ADDED ENTRY ELEMENTS (KOHA)
Source of classification or shelving scheme Dewey Decimal Classification
Koha item type Books
Holdings
Lost status Source of classification or shelving scheme Damaged status Not for loan Collection code Permanent Location Current Location Shelving location Date acquired Total Checkouts Full call number Date last seen Copy number Koha item type
  Dewey Decimal Classification   Not For Loan Non-fiction Central Library, University of Rajshahi Central Library, University of Rajshahi Reading Room 23/12/2019   709.4 KIL 1967 23/12/2019 C-1 Books